Song to Album: Ariana Grande - Statistics

General Stats
  • This quiz has been taken 243 times
    121 since last reset
  • The average score is 19 of 24
Answer Stats
Hint Answer % Correct
Dangerous Woman Dangerous Woman
90%
we can't be friends (wait for your love) eternal sunshine
90%
thank u, next thank u, next
89%
34+35 Positions
88%
the boy is mine eternal sunshine
87%
7 rings thank u, next
87%
positions Positions
86%
God is a woman Sweetener
86%
break up with your girlfriend, i'm bored thank u, next
86%
Into You Dangerous Woman
84%
yes, and? eternal sunshine
84%
pov Positions
83%
Break Free My Everything
82%
no tears left to cry Sweetener
82%
Side To Side Dangerous Woman
79%
breathin Sweetener
79%
Baby I Yours Truly
79%
The Way Yours Truly
78%
One Last Time My Everything
76%
Problem My Everything
73%
Love Me Harder My Everything
71%
Right There Yours Truly
70%
Everyday Dangerous Woman
68%
Bang Bang My Everything
67%
No matching quizzes found
Score Distribution
Percent of People with Each Score
Percentile by Number Answered
Your Score History
You have not taken this quiz since the last reset